000
00287nam a22001337a 4500
008
171016b xxu||||| |||| 00| 0 eng d
020
_a
0314012591
041
_a
eng
080
_a
33
100
_a
52
101
_a
ECO
245
_a
PRINCIPLES OF ECONOMICS
_c
ROSS.J
942
_2
udc
_c
BK
999
_c
33989
_d
33989